[Event "DOM-ch"]
[Site "Santo Domingo"]
[Date "2018.05.04"]
[Round "9"]
[White "Zorrilla Jimenez, Wilber Edwin"]
[Black "Medina Guzman, Braulio Silvestre"]
[Result "0-1"]
[WhiteElo "2082"]
[BlackElo "1955"]
[PlyCount "136"]
[EventDate "2018.04.20"]
[EventType "swiss"]
[EventRounds "11"]
[EventCountry "DOM"]
[SourceTitle "CBM 184 Extra"]
[Source "ChessBase"]
[SourceDate "2018.06.28"]
[SourceVersion "1"]
[SourceVersionDate "2018.06.28"]
[SourceQuality "1"]

1. d4 Nf6 2. Nf3 b6 3. Bf4 Bb7 4. Nbd2 e6 5. e3 h6 6. h3 c5 7. c3 Nc6 8. Bd3 Be7 9. 0-0 g5 10. Bh2 g4 11. hxg4 Nxg4 12. Bg3 h5 13. Ne5 Ncxe5 14. dxe5 Bh4 15. Nc4 Be7 16. Be2 Rg8 17. Bf3 Qc7 18. Re1 0-0-0 19. Nd6+ Bxd6 20. exd6 Qb8 21. b4 Qa8 22. bxc5 Bxf3 23. Qxf3 Qxf3 24. gxf3 Ne5 25. Kf1 Nxf3 26. Red1 h4 27. Ke2 hxg3 28. Kxf3 gxf2 29. cxb6 axb6 30. Rab1 Kb7 31. Kxf2 Rc8 32. Rb3 Kc6 33. Kf3 f5 34. Rb4 b5 35. Kf4 Ra8 36. Rd2 Ra3 37. Rb3 Rga8 38. Ke5 Rxa2 39. Rd4 R8a4 40. Rdb4 Rxb4 41. cxb4 Rc2 42. Rd3 Rc4 43. Kf6 Rxb4 44. Kf7 e5 45. Ra3 Ra4 46. Rc3+ Rc4 47. Ra3 Rh4 48. Ra6+ Kb7 49. Ra1 Rh7+ 50. Kf6 f4 51. Kxe5 fxe3 52. Kd4 e2 53. Kd3 Rh6 54. Kxe2 Rxd6 55. Ke3 Kb6 56. Ra8 b4 57. Ke2 Kb5 58. Rb8+ Ka4 59. Ra8+ Kb3 60. Rb8 Kc3 61. Rb7 b3 62. Rc7+ Kb2 63. Rb7 Ka2 64. Ra7+ Kb1 65. Ra5 b2 66. Rb5 Ka2 67. Ra5+ Kb3 68. Rb5+ Kc3 0-1

[Event "DOM-ch"]
[Site "Santo Domingo"]
[Date "2015.05.08"]
[Round "5"]
[White "Medina Guzman, Braulio Silvestre"]
[Black "De Los Santos Nunez, Eddy"]
[Result "1-0"]
[WhiteElo "1932"]
[BlackElo "2103"]
[PlyCount "93"]
[EventDate "2015.05.01"]
[EventType "swiss"]
[EventRounds "11"]
[EventCountry "DOM"]
[SourceTitle "CBM 166 Extra"]
[Source "ChessBase"]
[SourceDate "2015.06.18"]
[SourceVersion "1"]
[SourceVersionDate "2015.06.18"]
[SourceQuality "1"]

1. e4 c5 2. Nf3 d6 3. d4 cxd4 4. Nxd4 Nf6 5. Nc3 a6 6. a4 b6 7. Bc4 Bb7 8. f3 Nbd7 9. Nde2 Rc8 10. Ba2 g6 11. Nf4 Bg7 12. 0-0 0-0 13. Nfd5 Nxd5 14. Nxd5 Bxd5 15. Bxd5 Qc7 16. c3 Qc5+ 17. Kh1 Ne5 18. Bb7 Rc7 19. Bxa6 Ra8 20. Bb5 Nc4 21. f4 Ne3 22. Bxe3 Qxe3 23. Qf3 Qxf3 24. Rxf3 Rc5 25. Rc1 Rac8 26. Rd3 R8c7 27. h3 Bh6 28. g3 Rc8 29. Rcd1 Bf8 30. Rd5 e6 31. R5d3 R8c7 32. Rc1 Rc8 33. Bd7 Rd8 34. b4 Rc4 35. Bb5 Rxe4 36. a5 bxa5 37. bxa5 d5 38. c4 Rb8 39. a6 dxc4 40. a7 Ra8 41. Rd7 Re3 42. Bc6 Rxa7 43. Rxa7 Rxg3 44. Kh2 Rb3 45. Rxc4 Bd6 46. Rd7 Bb8 47. Bb7 1-0

[Event "DOM-ch"]
[Site "Santo Domingo"]
[Date "2015.05.01"]
[Round "1"]
[White "Lugo Matos, Richards Reynier"]
[Black "Medina Guzman, Braulio Silvestre"]
[Result "1-0"]
[WhiteElo "2146"]
[BlackElo "1932"]
[PlyCount "41"]
[EventDate "2015.05.01"]
[EventType "swiss"]
[EventRounds "11"]
[EventCountry "DOM"]
[SourceTitle "CBM 166 Extra"]
[Source "ChessBase"]
[SourceDate "2015.06.18"]
[SourceVersion "1"]
[SourceVersionDate "2015.06.18"]
[SourceQuality "1"]

1. e4 e6 2. d4 d5 3. Nd2 c5 4. exd5 exd5 5. Ngf3 Nc6 6. Bb5 Qb6 7. Qe2+ Nge7 8. dxc5 Qxc5 9. Nb3 Qb4+ 10. c3 Qg4 11. 0-0 Bd7 12. Nc5 0-0-0 13. h3 Qh5 14. Ba6 Na5 15. b4 Nec6 16. Nxd7 Kxd7 17. bxa5 bxa6 18. Rb1 Bd6 19. Rb7+ Bc7 20. Bf4 Rc8 21. Ne5+ 1-0